Statystyki dla Największe i najludniejsze państwa bez dostępu do morza

Kliknij tutaj aby rozwiązać quiz!

Ogólne statystyki

  • Ten quiz został rozwiązany 1 496 razy
  • Średni wynik to 32 z 50

Statystyki odpowiedzi

LpPaństwo% Poprawnych
1.Kazachstan
86%
6.Kazachstan
86%
2.Mongolia
86%
18.Czechy
83%
21.Austria
81%
4.Niger
80%
8.Niger
80%
23.Szwajcaria
76%
3.Czad
75%
14.Czad
75%
25.Węgry
75%
19.Węgry
75%
17.Boliwia
74%
7.Boliwia
74%
20.Białoruś
73%
20.Białoruś
73%
15.Paragwaj
72%
24.Serbia
72%
5.Uzbekistan
72%
14.Uzbekistan
72%
23.Tadżykistan
71%
22.Tadżykistan
71%
21.Kirgistan
69%
13.Turkmenistan
68%
9.Afganistan
67%
3.Afganistan
67%
5.Mali
66%
10.Mali
66%
22.Nepal
64%
4.Nepal
64%
15.Sudan Południowy
64%
10.Sudan Południowy
64%
1.Etiopia
60%
6.Etiopia
60%
11.Zambia
56%
8.Zambia
56%
16.Zimbabwe
55%
12.Zimbabwe
55%
12.Botswana
54%
25.Laos
54%
19.Laos
54%
2.Uganda
53%
18.Uganda
53%
11.Republika Środkowoafrykańska
50%
7.Burkina Faso
46%
17.Burkina Faso
46%
13.Rwanda
43%
24.Malawi
37%
9.Malawi
37%
16.Burundi
36%

Rozkład punktacji

Percentyl według liczby udzielonych odpowiedzi

Procent ludzi z każdym wynikiem

Twoja historia wyników

Nie rozwiązałeś tego quizu